Normal view MARC view
  • Incropera, F

Entry Personal Name

Number of records used in: 5

001 - CONTROL NUMBER

  • control field: 9027

003 - CONTROL NUMBER IDENTIFIER

  • control field: NUST

005 - DATE AND TIME OF LATEST TRANSACTION

  • control field: 20180119091109.0

008 - FIXED-LENGTH DATA ELEMENTS

  • fixed length control field: 180119|| aca||aabn | a|a d

040 ## - CATALOGING SOURCE

  • Original cataloging agency: NUST
  • Transcribing agency: NUST

100 ## - HEADING--PERSONAL NAME

  • Personal name: Incropera, F

670 ## - SOURCE DATA FOUND

  • Source citation: Work cat.: (NUST)299081: Incropera, F, Fund of heat and mass transfer 4th/Ed, 1996
© 2023 Central Library, National University of Sciences and Technology. All Rights Reserved.